| 000 | 00596nam a2200193 i 4500 | ||
|---|---|---|---|
| 001 | 188244 | ||
| 003 | ES-MaACL | ||
| 005 | 20231224062936.0 | ||
| 008 | 180717s1931 sp |||| | spa d | ||
| 080 | _a821.134.2-31"19" | ||
| 100 | 1 |
_aBaroja, Pío, _d1872-1956 _925752 |
|
| 245 | 1 | 4 |
_aLos pilotos de altura _b: (novela) / _cPío Baroja. |
| 260 |
_aBilbao : _bEspasa-Calpe, _c1931. |
||
| 300 |
_a320 p. ; _c20 cm. |
||
| 490 | 1 | _aEl mar | |
| 830 | 0 |
_aEl mar _9225663 |
|
| 852 |
_aES-MaACL _jL-32096 _z.- Donat. herederos de la bibl. de Mª del Pilar Costa Palacín |
||
| 999 |
_c188244 _d188244 |
||